| 000 | 00566nam a2200181Ia 4500 | ||
|---|---|---|---|
| 008 | 100920s9999 xx 000 0 und d | ||
| 082 |
_b93094 _a26 0 |
||
| 100 | _aसप्रे माधवराव. | ||
| 245 | _aदासबोध. | ||
| 260 |
_bमाधवराव सप्रे साहित्य शोध. _c0 |
||
| 300 |
_a502 _bसाधी |
||
| 365 | _b400 | ||
| 520 | _aसमर्थ वाड:मय. | ||
| 630 | _aदासबोध. | ||
| 650 | _aसमर्थ वाड:मय. | ||
| 730 | _aदासबोध. | ||
| 942 | _cBOOK | ||
| 999 |
_c733537 _d733534 |
||